000 00674nam a2200253Ia 4500
003 OSt
005 20220918164911.0
006 a|||||r|||| 00| 0
007 ta
008 220917b |||||||| |||| 00| 0 eng d
020 _a0807816574
024 _a36,783
037 _cTextual
040 _aARTS
_cARTS
_beng
041 _2eng
_aeng
082 _aO12,5CCl:g, 111M6
100 _aBailey D R S
_921565
245 0 _aClcero philippics
260 _aChapel
_bHill Univ of north Carolina
_c1986
300 _axviii, 401p.
_ccm.
650 _aENGLISH LITERATURE
942 _hO12,5CCl:g, 111M6
_cTEXL
_2CC
999 _c127293
_d127293